[Event "Amager Aabne Klubmesterskab G4 2015"]
[Site "Sundbyoster"]
[Date "2015.01.20"]
[Round "1"]
[White "Nielsen, Bjorn"]
[Black "Brorsen, Kristian"]
[Result "0-1"]
[WhiteElo "1055"]
[BlackElo "1308"]
[PlyCount "98"]
[EventDate "2015.??.??"]

1. d4 Nf6 2. c4 g6 3. Nc3 d6 4. Nf3 Bg7 5. e4 O-O 6. Be2 c5 7. d5 Re8 8. O-O e6
9. Bd3 Na6 10. e5 dxe5 11. dxe6 Rxe6 12. Ng5 Rd6 13. Nd5 Nxd5 14. Qc2 Ndb4 15.
Qb1 Nxd3 16. b3 e4 17. Nxe4 Nxc1 18. Nxd6 Qxd6 19. Qxc1 Bxa1 20. Qxa1 Bf5 21.
Qc3 Nb4 22. a4 Rd8 23. h3 Qc6 24. Qg3 Qf6 25. f3 Qd4+ 26. Kh2 Nc2 27. a5 Ne3
28. Re1 Qd3 29. a6 bxa6 30. Qe5 Nf1+ 31. Rxf1 Qxf1 32. Qe7 Qd3 33. f4 Qd6 34.
Qe3 Rb8 35. Kg3 Bc2 36. b4 cxb4 37. c5 Qc6 38. Qf2 b3 39. Qe3 b2 40. Qf2 Rb3+
41. Kh2 b1=Q 42. Qd4 Qc7 43. h4 Rd3 44. Qf6 Rd1 45. h5 Rh1+ 46. Kg3 Qe1+ 47.
Kf3 Qe4+ 48. Kg4 Bd1+ 49. Kg5 Rxh5# 0-1

[Event "Amager Aabne Klubmesterskab G4 2015"]
[Site "Sundbyoster"]
[Date "2015.01.20"]
[Round "1"]
[White "Rasmussen, Erik Elmer"]
[Black "Sdun, Martin Ulrik"]
[Result "0-1"]
[WhiteElo "1093"]
[BlackElo "1304"]
[PlyCount "72"]
[EventDate "2015.??.??"]

1. c4 e5 2. g3 Nf6 3. Bg2 d6 4. Nc3 Nc6 5. d3 g6 6. Bg5 Bg7 7. Nh3 h6 8. Be3
Bd7 9. O-O Qc8 10. Nf4 exf4 11. Bxf4 Bh3 12. f3 Bxg2 13. Kxg2 O-O 14. e4 Re8
15. Qd2 g5 16. Be3 Kh7 17. h4 gxh4 18. Rh1 Ng8 19. Rxh4 Re6 20. Rah1 Nce7 21.
g4 Rg6 22. Kg3 Bxc3 23. bxc3 Qe6 24. f4 f5 25. g5 fxe4 26. Kf2 Nf5 27. R4h3
Nxe3 28. Rxe3 Rf8 29. Rxe4 Qd7 30. Qe2 Rf7 31. Qf3 Rxg5 32. Qe3 Qg4 33. Rg1
Qxg1+ 34. Ke2 Rg2+ 35. Kf3 Qf1+ 36. Qf2 Qxf2# 0-1

[Event "Amager Aabne Klubmesterskab G4 2015"]
[Site "Sundbyoster"]
[Date "2015.01.20"]
[Round "1"]
[White "Sorensen, Johnny"]
[Black "Madsen, Michael Leerberg"]
[Result "0-1"]
[WhiteElo "1221"]
[BlackElo "1282"]
[PlyCount "78"]
[EventDate "2015.??.??"]

1. d4 Nf6 2. c4 c5 3. d5 b5 4. cxb5 a6 5. Qc2 d6 6. e4 g6 7. Nc3 Bg7 8. Nf3 O-O
9. Bd3 axb5 10. Bxb5 Nbd7 11. O-O Ng4 12. h3 Nh6 13. a4 f5 14. Ng5 Ne5 15. f4
Nef7 16. Nf3 fxe4 17. Nxe4 Nf5 18. Re1 Nd4 19. Nxd4 Bxd4+ 20. Be3 Bg7 21. Bd2
Nh6 22. Ra2 Nf5 23. Qd3 Qb6 24. Qc4 Nd4 25. Rea1 Nb3 26. Qxb3 c4+ 27. Qe3 Bd4
28. a5 Bxe3+ 29. Kh2 Qd4 30. Bxe3 Qxe3 31. Ng3 Rxf4 32. Ra3 Qe5 33. Bc6 Ra7 34.
Rb1 Bf5 35. Nxf5 Rf1+ 36. Rg3 Rxb1 37. Nh6+ Kg7 38. Ng4 Rh1+ 39. Kxh1 Qxg3 0-1

[Event "Amager Aabne Klubmesterskab G4 2015"]
[Site "Sundbyoster"]
[Date "2015.01.20"]
[Round "1"]
[White "Dupont, Michael Kim"]
[Black "Svensson, John Michael"]
[Result "1-0"]
[WhiteElo "1000"]
[BlackElo "1314"]
[PlyCount "71"]
[EventDate "2015.??.??"]

1. e4 d6 2. Nf3 Nc6 3. Bb5 Bd7 4. c3 a6 5. Ba4 b5 6. Bc2 e5 7. d4 Bg4 8. Be3
Nf6 9. d5 Na5 10. b3 Be7 11. Nbd2 Qd7 12. Qe2 c5 13. b4 cxb4 14. cxb4 Rc8 15.
Rc1 Nb7 16. h3 Bh5 17. O-O O-O 18. Qe1 h6 19. Nh2 Bg6 20. f4 Nxd5 21. f5 Nxe3
22. Qxe3 Bh5 23. g4 Bg5 24. Qe2 Bxg4 25. Nxg4 Rc3 26. Kg2 Rfc8 27. Qd1 f6 28.
h4 Bxd2 29. Qxd2 Kh7 30. Rf3 R3c4 31. Ne3 Rd4 32. Qe1 Qf7 33. Bb3 Rxc1 34. Qxc1
Qh5 35. Qc8 Qxh4 36. Qg8# 1-0

[Event "Amager Aabne Klubmesterskab G4 2015"]
[Site "Sundbyoster"]
[Date "2015.02.03"]
[Round "2"]
[White "Brorsen, Kristian"]
[Black "Dupont, Michael Kim"]
[Result "1-0"]
[WhiteElo "1308"]
[BlackElo "1000"]
[PlyCount "127"]
[EventDate "2015.??.??"]

1. d4 Nf6 2. g3 g6 3. Bg2 e6 4. Nc3 c5 5. Nf3 cxd4 6. Qxd4 Nc6 7. Qf4 Nh5 8.
Qe3 Nb4 9. Qd2 d5 10. O-O a6 11. Rd1 Be7 12. a3 Nc6 13. Qh6 Bf8 14. Qe3 Nf6 15.
Na4 Qa5 16. b3 Ng4 17. Qf4 Bg7 18. Rb1 Nce5 19. Nxe5 Nxe5 20. Bb2 f6 21. Bd4
O-O 22. Bc5 Rf7 23. e4 g5 24. Qe3 Ng4 25. Qe2 Ne5 26. exd5 exd5 27. Bxd5 Bg4
28. Bxf7+ Kxf7 29. Bb6 Bxe2 30. Bxa5 Bxd1 31. Rxd1 Nf3+ 32. Kg2 g4 33. h3 f5
34. hxg4 fxg4 35. Rd7+ Kg6 36. Rxb7 Nd4 37. c3 Nf3 38. c4 Bb2 39. Bb4 Bc1 40.
Rb6+ Kf7 41. Rb7+ Kg6 42. Nb6 Rd8 43. Nd5 Re8 44. Re7 Rd8 45. Re6+ Kf7 46. Re4
h5 47. Bc5 Re8 48. Rxe8 Kxe8 49. Nc7+ Kd7 50. Nxa6 Nd2 51. Be3 Nxb3 52. Bxc1
Nxc1 53. Kf1 Kc6 54. Ke1 Nd3+ 55. Ke2 Nb2 56. c5 Na4 57. Ke3 Nxc5 58. Nxc5 Kxc5
59. Kf4 Kc4 60. Kg5 Kb3 61. Kxh5 Kxa3 62. Kxg4 Kb4 63. Kf4 Kc5 64. Kf5 1-0

[Event "Amager Aabne Klubmesterskab G4 2015"]
[Site "Sundbyoster"]
[Date "2015.02.03"]
[Round "2"]
[White "Sdun, Martin Ulrik"]
[Black "Nielsen, Bjorn"]
[Result "1-0"]
[WhiteElo "1304"]
[BlackElo "1055"]
[PlyCount "75"]
[EventDate "2015.??.??"]

1. e4 e5 2. Nf3 Nc6 3. Bc4 Bc5 4. Nc3 Nf6 5. O-O O-O 6. d3 Be7 7. a3 d6 8. Bd2
Bg4 9. h3 Bh5 10. Be3 Na5 11. Ba2 c5 12. Nd5 Nd7 13. Nxe7+ Qxe7 14. b4 cxb4 15.
axb4 Nc6 16. c3 Qf6 17. Bd5 Bxf3 18. Qxf3 Qxf3 19. gxf3 Nb6 20. Bb3 Nc8 21. Ra3
N6e7 22. Rfa1 b6 23. Bg5 h6 24. Bxe7 Nxe7 25. Rxa7 Rxa7 26. Rxa7 Ng6 27. Rb7
Nf4 28. Rxb6 Nxh3+ 29. Kh2 Ng5 30. Kg3 Rd8 31. b5 Ne6 32. Bxe6 fxe6 33. c4 g6
34. Rc6 Kf7 35. b6 Ke7 36. Rc7+ Ke8 37. b7 Rb8 38. Rc8+ 1-0

[Event "Amager Aabne Klubmesterskab G4 2015"]
[Site "Sundbyoster"]
[Date "2015.02.03"]
[Round "2"]
[White "Madsen, Michael Leerberg"]
[Black "Svensson, John Michael"]
[Result "1-0"]
[WhiteElo "1282"]
[BlackElo "1314"]
[PlyCount "77"]
[EventDate "2015.??.??"]

1. e4 d6 2. d4 Nf6 3. Nc3 g6 4. Nf3 Bg7 5. Bg5 c6 6. Qd2 h6 7. Be3 b5 8. Bd3
Nbd7 9. h3 Nb6 10. b3 a5 11. O-O b4 12. Ne2 Bd7 13. a3 d5 14. e5 Ne4 15. Qe1
bxa3 16. Rxa3 Nc8 17. Nd2 Ng5 18. f4 Nh7 19. f5 g5 20. Ng3 e6 21. f6 Bf8 22.
Ra2 Qb6 23. Nh5 c5 24. Ng7+ Kd8 25. Qf2 cxd4 26. Bxd4 Qc7 27. c4 dxc4 28. Nxc4
Bc6 29. Rd2 Bb4 30. Rdd1 Nf8 31. Be4 Nd7 32. Bxc6 Qxc6 33. Nb6 Ncxb6 34. Bxb6+
Kc8 35. Rc1 Bc3 36. Bd4 Qd5 37. Bxc3 Kb7 38. Rfd1 Qb5 39. Qf3+ 1-0

[Event "Amager Aabne Klubmesterskab G4 2015"]
[Site "Sundbyoster"]
[Date "2015.02.24"]
[Round "3"]
[White "Svensson, John Michael"]
[Black "Brorsen, Kristian"]
[Result "1-0"]
[WhiteElo "1314"]
[BlackElo "1308"]
[PlyCount "53"]
[EventDate "2015.??.??"]

1. d4 Nf6 2. Nf3 g6 3. Nc3 d6 4. e4 Bg7 5. Be2 O-O 6. O-O b6 7. Bg5 Bb7 8. Bd3
Nh5 9. Ne2 Nc6 10. c3 Qd7 11. h3 e5 12. d5 Ne7 13. c4 c6 14. Qa4 Nf6 15. Bxf6
Bxf6 16. Ng3 h5 17. Nh2 Kg7 18. Be2 Rh8 19. Rac1 h4 20. Bg4 Qd8 21. Ne2 cxd5
22. cxd5 Bg5 23. f4 exf4 24. Nxf4 Bc8 25. Qd4+ Bf6 26. Nh5+ gxh5 27. Qxf6+ 1-0

[Event "Amager Aabne Klubmesterskab G4 2015"]
[Site "Sundbyoster"]
[Date "2015.03.03"]
[Round "4"]
[White "Madsen, Michael Leerberg"]
[Black "Brorsen, Kristian"]
[Result "1-0"]
[WhiteElo "1282"]
[BlackElo "1308"]
[PlyCount "27"]
[EventDate "2015.??.??"]

1. e4 e5 2. Nf3 Nc6 3. d4 exd4 4. Bc4 Bb4+ 5. c3 dxc3 6. bxc3 Be7 7. O-O Nf6 8.
e5 Ng4 9. Re1 O-O 10. h3 Nh6 11. Bxh6 gxh6 12. Nd4 Re8 13. Qh5 d5 14. exd6 1-0

[Event "Amager Aabne Klubmesterskab G4 2015"]
[Site "Sundbyoster"]
[Date "2015.03.17"]
[Round "5"]
[White "Svensson, John Michael"]
[Black "Sorensen, Johnny"]
[Result "1-0"]
[WhiteElo "1314"]
[BlackElo "1221"]
[PlyCount "61"]
[EventDate "2015.??.??"]

1. d4 d6 2. e4 Nf6 3. Bd3 g6 4. f4 Bg7 5. Nf3 Bg4 6. O-O O-O 7. h3 Bxf3 8. Qxf3
Nc6 9. c3 e6 10. Nd2 Re8 11. Nc4 d5 12. exd5 exd5 13. Ne5 Ne7 14. Bd2 Qd6 15.
Rae1 Qb6 16. b4 a5 17. a3 axb4 18. axb4 Ra2 19. Re2 Nc6 20. Rfe1 Bh6 21. Nd7
Nxd4 22. Nxf6+ Qxf6 23. Rxe8+ Kg7 24. Qe3 Nb3 25. Re2 Nxd2 26. Rxd2 Bxf4 27.
Qc5 Ra1+ 28. Bf1 Rxf1+ 29. Kxf1 Bd6+ 30. Rf2 Bxc5 31. Rxf6 1-0

[Event "Amager Aabne Klubmesterskab G4 2015"]
[Site "Sundbyoster"]
[Date "2015.03.17"]
[Round "5"]
[White "Dupont, Michael Kim"]
[Black "Rasmussen, Erik Elmer"]
[Result "0-1"]
[WhiteElo "1000"]
[BlackElo "1093"]
[PlyCount "58"]
[EventDate "2015.??.??"]

1. e4 f5 2. e5 d5 3. d4 c5 4. c3 cxd4 5. cxd4 Nc6 6. Nf3 e6 7. Be2 Be7 8. O-O
g5 9. Ne1 g4 10. Bxg4 fxg4 11. Qxg4 h5 12. Qg6+ Kd7 13. Nf3 Qf8 14. Rd1 Nh6 15.
Bg5 Qf7 16. Qxf7 Nxf7 17. Bxe7 Nxe7 18. Nbd2 b6 19. Rac1 Ba6 20. Rc3 Rac8 21.
Rdc1 Rxc3 22. Rxc3 Nc6 23. a3 Rg8 24. b3 Rg4 25. h3 Rf4 26. g3 Rf5 27. g4 hxg4
28. hxg4 Rf4 29. g5 Rg4+ 0-1

[Event "Amager Aabne Klubmesterskab G4 2015"]
[Site "Sundbyoster"]
[Date "2015.03.24"]
[Round "6"]
[White "Madsen, Michael Leerberg"]
[Black "Sdun, Martin Ulrik"]
[Result "1-0"]
[WhiteElo "1282"]
[BlackElo "1304"]
[PlyCount "59"]
[EventDate "2015.??.??"]

1. e4 e5 2. Nf3 Nc6 3. d4 exd4 4. Bc4 Nf6 5. e5 d5 6. Bb5 a6 7. Bxc6+ bxc6 8.
exf6 Qxf6 9. Qxd4 Qg6 10. O-O Bg4 11. Re1+ Be6 12. Ne5 Qxc2 13. Na3 Bxa3 14.
bxa3 c5 15. Qf4 O-O 16. Qg3 Rfe8 17. Bh6 g6 18. Rac1 Qf5 19. Rxc5 f6 20. Nf3 g5
21. Rxc7 Bd7 22. Rec1 Qe6 23. h4 g4 24. Nd4 Qe4 25. Rxd7 Qxd4 26. Rg7+ Kh8 27.
Rcc7 Re1+ 28. Kh2 Qe4 29. Qf4 Qxf4+ 30. Bxf4 1-0

[Event "Amager Aabne Klubmesterskab G4 2015"]
[Site "Sundbyoster"]
[Date "2015.03.24"]
[Round "6"]
[White "Rasmussen, Erik Elmer"]
[Black "Svensson, John Michael"]
[Result "0-1"]
[WhiteElo "1093"]
[BlackElo "1314"]
[PlyCount "80"]
[EventDate "2015.??.??"]

1. c4 Nf6 2. g3 g6 3. Bg2 Bg7 4. e4 Nc6 5. d4 d6 6. Nc3 O-O 7. Bf4 Nh5 8. Be3
e5 9. d5 Ne7 10. Bg5 Nf6 11. Qd2 h5 12. h3 Nh7 13. Bh6 f5 14. Bxg7 Kxg7 15.
exf5 Nxf5 16. g4 Nh4 17. Be4 Ng5 18. gxh5 Nxe4 19. Nxe4 Ng2+ 20. Kd1 Nf4 21.
hxg6 Bf5 22. f3 Bxg6 23. Ne2 Qh4 24. Nxf4 Rxf4 25. Qg2 Rxf3 26. Qxf3 Bh5 27.
Rg1+ Kh6 28. Rg4 Bxg4 29. hxg4 Qh2 30. g5+ Kg7 31. Rc1 Rf8 32. Nf6 Qg1+ 33. Kc2
Qxg5 34. Qh5 Qg2+ 35. Kb1 Rxf6 36. Qe8 Qe4+ 37. Ka1 Qe3 38. Qe7+ Rf7 39. Rc3
Qe1+ 40. Rc1 Qxc1# 0-1

[Event "Amager Aabne Klubmesterskab G4 2015"]
[Site "Sundbyoster"]
[Date "2015.03.24"]
[Round "6"]
[White "Nielsen, Bjorn"]
[Black "Dupont, Michael Kim"]
[Result "1-0"]
[WhiteElo "1055"]
[BlackElo "1000"]
[PlyCount "55"]
[EventDate "2015.??.??"]

1. e4 e5 2. Nc3 Bc5 3. Nf3 Nc6 4. Bc4 Nf6 5. O-O O-O 6. Be2 h6 7. d3 Re8 8. a3
d5 9. exd5 Nxd5 10. Nxd5 Qxd5 11. Ne1 Bf5 12. Bf3 Qe6 13. Bd2 Rad8 14. Qc1 Nd4
15. Bd1 Qg6 16. Be3 Bh3 17. Bxd4 Qxg2+ 18. Nxg2 Bxd4 19. Bf3 c6 20. c3 Bb6 21.
Re1 Rxd3 22. Be4 Rd6 23. Ne3 Rf6 24. f3 Rf4 25. Kh1 Bxe3 26. Qxe3 f5 27. Bc2 e4
28. Qxf4 1-0

[Event "Amager Aabne Klubmesterskab G4 2015"]
[Site "Sundbyoster"]
[Date "2015.04.07"]
[Round "7"]
[White "Dupont, Michael Kim"]
[Black "Madsen, Michael Leerberg"]
[Result "0-1"]
[WhiteElo "1000"]
[BlackElo "1282"]
[PlyCount "48"]
[EventDate "2015.??.??"]

1. e4 c5 2. Nf3 g6 3. Bc4 Bg7 4. d4 cxd4 5. Bxf7+ Kxf7 6. Ng5+ Kf8 7. Qf3+ Nf6
8. e5 Qa5+ 9. c3 Qxe5+ 10. Ne4 Qxe4+ 11. Qxe4 Nxe4 12. f3 Nc5 13. O-O Nd3 14.
Rd1 Nxc1 15. Rxc1 Nc6 16. Re1 dxc3 17. Nxc3 Bxc3 18. bxc3 Kg7 19. f4 Re8 20.
Re3 d5 21. Rf1 d4 22. Rg3 Bf5 23. cxd4 Nxd4 24. Kh1 e5 0-1

[Event "Amager Aabne Klubmesterskab G4 2015"]
[Site "Sundbyoster"]
[Date "2015.04.07"]
[Round "7"]
[White "Svensson, John Michael"]
[Black "Nielsen, Bjorn"]
[Result "1-0"]
[WhiteElo "1314"]
[BlackElo "1055"]
[PlyCount "97"]
[EventDate "2015.??.??"]

1. d4 d5 2. c4 e6 3. Nc3 Bb4 4. Qa4+ Bd7 5. Qxb4 Bc6 6. cxd5 exd5 7. Nf3 Qe7 8.
Qb3 Nf6 9. Bg5 Nbd7 10. e3 Qe6 11. Be2 O-O 12. O-O a6 13. Rac1 Rfe8 14. h3 Ne4
15. Nxe4 Qxe4 16. Bd3 Qe6 17. Qc2 h6 18. Bf5 Qd6 19. Bf4 Qf8 20. Qd2 Nf6 21.
Ne5 Rxe5 22. Bxe5 Ne4 23. Qd1 Qe7 24. Qg4 Nf6 25. Qg3 Nh5 26. Qf3 Nf6 27. Bd3
Ne4 28. Qh5 Nf6 29. Qf5 Bd7 30. Qf3 c6 31. Rfe1 Re8 32. e4 Nxe4 33. Bxe4 dxe4
34. Qg3 f5 35. f3 Qf7 36. fxe4 Kh7 37. exf5 Rg8 38. b3 Qxf5 39. Rf1 Qh5 40. Rf8
Qg5 41. Qd3+ Kh8 42. Rcf1 Be6 43. R8f3 Bd5 44. Rg3 Qe7 45. Qe3 Kh7 46. Qd3+ Kh8
47. Qg6 Qh4 48. Rg4 Qe7 49. Qxh6# 1-0

[Event "Amager Aabne Klubmesterskab G4 2015"]
[Site "Sundbyoster"]
[Date "2015.04.07"]
[Round "7"]
[White "Sdun, Martin Ulrik"]
[Black "Sorensen, Johnny"]
[Result "1-0"]
[WhiteElo "1304"]
[BlackElo "1221"]
[PlyCount "35"]
[EventDate "2015.??.??"]

1. e4 d6 2. d4 g6 3. Bf4 Bg7 4. Qd2 Nd7 5. Nc3 e5 6. dxe5 Nxe5 7. O-O-O Be6 8.
Bb5+ Bd7 9. Bxd7+ Qxd7 10. Bxe5 Bxe5 11. f4 Bg7 12. e5 Rd8 13. Nf3 f6 14. exd6
cxd6 15. Rhe1+ Kf8 16. Nd4 Re8 17. Rxe8+ Kxe8 18. Ndb5 1-0